<?xml version="1.0" encoding="UTF-8"?>
<record
    xmlns:xsi="http://www.w3.org/2001/XMLSchema-instance"
    xsi:schemaLocation="http://www.loc.gov/MARC21/slim http://www.loc.gov/standards/marcxml/schema/MARC21slim.xsd"
    xmlns="http://www.loc.gov/MARC21/slim">

  <leader>00902nam a22002657a 4500</leader>
  <controlfield tag="001">84997</controlfield>
  <controlfield tag="003">BD-RjUL</controlfield>
  <controlfield tag="005">20250617142841.0</controlfield>
  <controlfield tag="008">250617s2005    us a|||| e||| 00| 0 eng d</controlfield>
  <datafield tag="035" ind1=" " ind2=" ">
    <subfield code="a">(BD-RjUL)84997</subfield>
  </datafield>
  <datafield tag="040" ind1=" " ind2=" ">
    <subfield code="a">BD-RjUL</subfield>
    <subfield code="b">eng</subfield>
    <subfield code="c">BD-RjUL</subfield>
    <subfield code="d">DLC</subfield>
    <subfield code="e">DLC</subfield>
  </datafield>
  <datafield tag="041" ind1=" " ind2=" ">
    <subfield code="a">eng</subfield>
  </datafield>
  <datafield tag="082" ind1=" " ind2=" ">
    <subfield code="2">23</subfield>
    <subfield code="a">621.382</subfield>
    <subfield code="b">ENC 2005</subfield>
  </datafield>
  <datafield tag="110" ind1=" " ind2=" ">
    <subfield code="b">Wiley Interscience</subfield>
    <subfield code="e">A John Wiley &amp; Sons Inc, Publication</subfield>
    <subfield code="9">15702</subfield>
  </datafield>
  <datafield tag="111" ind1=" " ind2=" ">
    <subfield code="c">2004024581</subfield>
    <subfield code="9">15703</subfield>
  </datafield>
  <datafield tag="245" ind1=" " ind2=" ">
    <subfield code="a">Encyclopedia of re and Microwave Engineering /</subfield>
    <subfield code="c">Editor, Kai Chang</subfield>
  </datafield>
  <datafield tag="260" ind1=" " ind2=" ">
    <subfield code="a">America</subfield>
    <subfield code="b">Library of Congress Cataloging in publication </subfield>
    <subfield code="c">2005</subfield>
  </datafield>
  <datafield tag="300" ind1=" " ind2=" ">
    <subfield code="a">xvi, 892 page,</subfield>
    <subfield code="b">illustrations,</subfield>
    <subfield code="c">28 ccm.</subfield>
  </datafield>
  <datafield tag="336" ind1=" " ind2=" ">
    <subfield code="2">isbn 0-471-27053-9</subfield>
  </datafield>
  <datafield tag="504" ind1=" " ind2=" ">
    <subfield code="a">Bibliography note v-1 A-C,V-2 D-G, V-3 H-MI, V-4 Mi-P, V-5 Q-sq, V-6 St-z</subfield>
  </datafield>
  <datafield tag="505" ind1=" " ind2=" ">
    <subfield code="a">volume-1, 2, 3, 4, 5, 6</subfield>
  </datafield>
  <datafield tag="650" ind1=" " ind2=" ">
    <subfield code="a">Encyclopedia</subfield>
  </datafield>
  <datafield tag="700" ind1=" " ind2=" ">
    <subfield code="a">Chang, Kai, Editor</subfield>
    <subfield code="9">15704</subfield>
  </datafield>
  <datafield tag="942" ind1=" " ind2=" ">
    <subfield code="2">ddc</subfield>
    <subfield code="c">BK</subfield>
  </datafield>
  <datafield tag="999" ind1=" " ind2=" ">
    <subfield code="c">84997</subfield>
    <subfield code="d">84997</subfield>
  </datafield>
  <datafield tag="952" ind1=" " ind2=" ">
    <subfield code="0">0</subfield>
    <subfield code="1">0</subfield>
    <subfield code="2">ddc</subfield>
    <subfield code="4">0</subfield>
    <subfield code="7">1</subfield>
    <subfield code="a">RUCL</subfield>
    <subfield code="b">RUCL</subfield>
    <subfield code="c">REF</subfield>
    <subfield code="d">2008-08-02</subfield>
    <subfield code="e">Paragon Enterpries led.</subfield>
    <subfield code="l">0</subfield>
    <subfield code="o">R 621.382 ENC 2005 V-1</subfield>
    <subfield code="r">2025-06-17 00:00:00</subfield>
    <subfield code="t">C-1</subfield>
    <subfield code="w">2025-06-17</subfield>
    <subfield code="y">BK</subfield>
  </datafield>
  <datafield tag="952" ind1=" " ind2=" ">
    <subfield code="0">0</subfield>
    <subfield code="1">0</subfield>
    <subfield code="2">ddc</subfield>
    <subfield code="4">0</subfield>
    <subfield code="7">1</subfield>
    <subfield code="a">RUCL</subfield>
    <subfield code="b">RUCL</subfield>
    <subfield code="c">REF</subfield>
    <subfield code="d">2008-08-05</subfield>
    <subfield code="e">Paragon Enterpries led.</subfield>
    <subfield code="l">0</subfield>
    <subfield code="o">R 621.382 ENC 2005 V-4</subfield>
    <subfield code="r">2025-06-18 00:00:00</subfield>
    <subfield code="t">C-1</subfield>
    <subfield code="w">2025-06-18</subfield>
    <subfield code="y">BK</subfield>
  </datafield>
  <datafield tag="952" ind1=" " ind2=" ">
    <subfield code="0">0</subfield>
    <subfield code="1">0</subfield>
    <subfield code="2">ddc</subfield>
    <subfield code="4">0</subfield>
    <subfield code="7">1</subfield>
    <subfield code="a">RUCL</subfield>
    <subfield code="b">RUCL</subfield>
    <subfield code="c">REF</subfield>
    <subfield code="d">2008-08-05</subfield>
    <subfield code="e">Paragon Enterpries led.</subfield>
    <subfield code="l">0</subfield>
    <subfield code="o">R 621.382 ENC 2005 V-2</subfield>
    <subfield code="r">2025-06-18 00:00:00</subfield>
    <subfield code="t">C-1</subfield>
    <subfield code="w">2025-06-18</subfield>
    <subfield code="y">BK</subfield>
  </datafield>
  <datafield tag="952" ind1=" " ind2=" ">
    <subfield code="0">0</subfield>
    <subfield code="1">0</subfield>
    <subfield code="2">ddc</subfield>
    <subfield code="4">0</subfield>
    <subfield code="7">1</subfield>
    <subfield code="a">RUCL</subfield>
    <subfield code="b">RUCL</subfield>
    <subfield code="c">REF</subfield>
    <subfield code="d">2008-08-05</subfield>
    <subfield code="e">Paragon Enterpries led.</subfield>
    <subfield code="l">0</subfield>
    <subfield code="o">R 621.382 ENC 2005 V-3</subfield>
    <subfield code="r">2025-06-18 00:00:00</subfield>
    <subfield code="t">C-1</subfield>
    <subfield code="w">2025-06-18</subfield>
    <subfield code="y">BK</subfield>
  </datafield>
  <datafield tag="952" ind1=" " ind2=" ">
    <subfield code="0">0</subfield>
    <subfield code="1">0</subfield>
    <subfield code="2">ddc</subfield>
    <subfield code="4">0</subfield>
    <subfield code="7">1</subfield>
    <subfield code="a">RUCL</subfield>
    <subfield code="b">RUCL</subfield>
    <subfield code="c">REF</subfield>
    <subfield code="d">2008-08-05</subfield>
    <subfield code="e">Paragon Enterpries led.</subfield>
    <subfield code="l">0</subfield>
    <subfield code="o">R 621.382 ENC 2005 V-6</subfield>
    <subfield code="r">2025-06-18 00:00:00</subfield>
    <subfield code="t">C-1</subfield>
    <subfield code="w">2025-06-18</subfield>
    <subfield code="y">BK</subfield>
  </datafield>
  <datafield tag="952" ind1=" " ind2=" ">
    <subfield code="0">0</subfield>
    <subfield code="1">0</subfield>
    <subfield code="2">ddc</subfield>
    <subfield code="4">0</subfield>
    <subfield code="7">1</subfield>
    <subfield code="a">RUCL</subfield>
    <subfield code="b">RUCL</subfield>
    <subfield code="c">REF</subfield>
    <subfield code="d">2008-08-05</subfield>
    <subfield code="e">Paragon Enterpries led.</subfield>
    <subfield code="l">0</subfield>
    <subfield code="o">R 621.382 ENC 2005 V-5</subfield>
    <subfield code="r">2025-06-18 00:00:00</subfield>
    <subfield code="t">C-1</subfield>
    <subfield code="w">2025-06-18</subfield>
    <subfield code="y">BK</subfield>
  </datafield>
</record>
